Territorio ordenado, territorio dominado (Record no. 187009)

MARC details
000 -LEADER
campo de control de longitud fija 00776nam a2200205 i 4500
001 - NÚMERO DE CONTROL
campo de control 187009
003 - IDENTIFICADOR DE NÚMERO DE CONTROL
campo de control ES-MaACL
005 - FECHA Y HORA DE LA ÚLTIMA TRANSACCIÓN
campo de control 20230906222809.0
008 - DATOS DE LONGITUD FIJA--INFORMACIÓN GENERAL
campo de control de longitud fija 170328s1993 sp a |||| | spa d
020 ## - NÚMERO INTERNACIONAL ESTÁNDAR DEL LIBRO
Número Internacional Estándar del Libro 84-7719-417-3
100 1# - ENTRADA PRINCIPAL--NOMBRE DE PERSONA
Nombre de persona Reguera Rodríguez, Antonio T.
9 (RLIN) 95935
245 10 - MENCIÓN DEL TÍTULO
Título Territorio ordenado, territorio dominado
Resto del título : espacios, políticas y conflictos en la España de la Ilustración /
Mención de responsabilidad, etc. Antonio T. Reguera Rodríguez.
260 ## - PUBLICACIÓN, DISTRIBUCIÓN, ETC.
Lugar de publicación, distribución, etc. León :
Nombre del editor, distribuidor, etc. Universidad, Secretariado de Publicaciones,
Fecha de publicación, distribución, etc. 1993.
300 ## - DESCRIPCIÓN FÍSICA
Extensión 340 p. :
Otras características físicas il. ;
Dimensiones 24 cm.
504 ## - NOTA DE BIBLIOGRAFÍA, ETC.
Nota de bibliografía, etc. Bibliografía: p. 293-309.
650 #4 - PUNTO DE ACCESO ADICIONAL DE MATERIA--TÉRMINO DE MATERIA
Término de materia o nombre geográfico como elemento de entrada Urbanismo-
Subdivisión geográfica España-
Subdivisión cronológica S.XVIII.
9 (RLIN) 162202
650 #4 - PUNTO DE ACCESO ADICIONAL DE MATERIA--TÉRMINO DE MATERIA
Término de materia o nombre geográfico como elemento de entrada Ciudades-
Subdivisión geográfica España-
Subdivisión cronológica S.XVIII.
9 (RLIN) 162204
710 2# - ENTRADA AGREGADA--NOMBRE DE ENTIDAD CORPORATIVA
Nombre de entidad corporativa o nombre de jurisdicción como elemento de entrada Universidad de León.
9 (RLIN) 7200
852 ## - LOCALIZACIÓN
Ubicación ES-MaACL
Número de control de estantería L-31328
Holdings
Estatus retirado Estado de pérdida Estado de daño No para préstamo Biblioteca de origen Biblioteca actual Ubicación en estantería Fecha de adquisición Fuente de adquisición Total de préstamos Signatura topográfica completa Código de barras Visto por última vez Precio de reemplazo Tipo de ítem Koha
        Biblioteca del Ateneo de Madrid Biblioteca del Ateneo de Madrid Depósito 2 28/03/2017     L-31328 1197291 23/02/2023 23/02/2023 Libro impreso